Statystyki dla Najpopularniejsze rasy psów w Polsce

Kliknij tutaj aby rozwiązać quiz!

Ogólne statystyki

  • Ten quiz został rozwiązany 83 razy
  • Średni wynik to 4 z 10

Statystyki odpowiedzi

Odpowiedź% Poprawnych
10.Owczarek niemiecki
91%
4.Buldog francuski
64%
7.Maltańczyk
57%
1.Golden retriever
52%
5.Mops
52%
6.Szpic miniaturowy | Pomeranian
32%
9.Jack Russell terrier
30%
8.Amstaff
29%
2.Bolder collie
25%
3.Shih tzu
16%

Rozkład punktacji

Percentyl według liczby udzielonych odpowiedzi

Procent ludzi z każdym wynikiem

Twoja historia wyników

Nie rozwiązałeś tego quizu